|
|
|
|
| LEADER |
03346nam a22005295i 4500 |
| 001 |
978-94-007-6389-0 |
| 003 |
DE-He213 |
| 005 |
20161005090656.0 |
| 007 |
cr nn 008mamaa |
| 008 |
160321s2016 ne | s |||| 0|eng d |
| 020 |
|
|
|a 9789400763890
|9 978-94-007-6389-0
|
| 024 |
7 |
|
|a 10.1007/978-94-007-6389-0
|2 doi
|
| 040 |
|
|
|d GrThAP
|
| 050 |
|
4 |
|a RS380
|
| 050 |
|
4 |
|a RS190-210
|
| 072 |
|
7 |
|a TDCW
|2 bicssc
|
| 072 |
|
7 |
|a MED072000
|2 bisacsh
|
| 082 |
0 |
4 |
|a 615.19
|2 23
|
| 245 |
1 |
0 |
|a Spider Venoms
|h [electronic resource] /
|c edited by P. Gopalakrishnakone, Gerardo A. Corzo, Maria Elena de Lima, Elia Diego-García.
|
| 264 |
|
1 |
|a Dordrecht :
|b Springer Netherlands :
|b Imprint: Springer,
|c 2016.
|
| 300 |
|
|
|a 111 illus., 61 illus. in color. eReference.
|b online resource.
|
| 336 |
|
|
|a text
|b txt
|2 rdacontent
|
| 337 |
|
|
|a computer
|b c
|2 rdamedia
|
| 338 |
|
|
|a online resource
|b cr
|2 rdacarrier
|
| 347 |
|
|
|a text file
|b PDF
|2 rda
|
| 490 |
1 |
|
|a Toxinology
|
| 505 |
0 |
|
|a Anticancer Potential of Spider Venom -- Antimicrobial Peptides in Spider Venoms. - Antimicrobial, Insecticides, Analgesics, and Hyalurodinases from the Venom Glands of Brachypelma Spiders -- Bioecology of Spiders with Emphasis in Spiders of Public Health Importance -- Hippasa Spider, Biology, Envenomation, Toxin Profiles, Biological Functions: A Review. - Identifying Insect Protein Receptors Using an Insecticidal Spider Toxin -- In Silico Modeling of Spider Toxins: Bioinformatics, Molecular Docking, and Molecular Dynamics -- Loxosceles and Loxoscelism: Biology, Venom, Envenomation and Treatment -- Pain-Modulating Peptides in Spider Venoms: Good and Evil -- Peptidom and Transcriptom Analysis of the Toxin-Like Peptides in the Venom Glands of Tarantula Grammostola Rosea. - Phoneutria nigriventer Venom and Toxins: A Review -- Phoneutria nigriventer Venom: Action in the Central Nervous System. - Recent Insights in Latrodectus ("Black Widow" Spider) Envenomation: Toxins and Their Mechanisms of Action -- Spider Transcriptomes from Venom Glands: Molecular Diversity of Ion Channel Toxins and Antimicrobial Peptide Transcripts -- Spider Venom and Drug Discovery: A Review. - Structural Diversity and Basic/Acidic Residue Balance of Active Cysteine-Rich Insecticidal Peptides from Spiders -- Studying the Excitatory and Inhibitory Neurotransmissions with Spider Venoms. - The Non-peptide Low Molecular Mass Toxins from Spider Venoms -- The Venom from Lasiodora sp.: A Mygalomorph Brazilian Spider -- The Venom of Australian Spiders -- Venom of Cupiennius salei (Ctenidae) .
|
| 520 |
|
|
|a .
|
| 650 |
|
0 |
|a Medicine.
|
| 650 |
|
0 |
|a Pharmaceutical technology.
|
| 650 |
|
0 |
|a Biochemistry.
|
| 650 |
|
0 |
|a Animal physiology.
|
| 650 |
1 |
4 |
|a Biomedicine.
|
| 650 |
2 |
4 |
|a Pharmaceutical Sciences/Technology.
|
| 650 |
2 |
4 |
|a Animal Biochemistry.
|
| 650 |
2 |
4 |
|a Animal Physiology.
|
| 700 |
1 |
|
|a Gopalakrishnakone, P.
|e editor.
|
| 700 |
1 |
|
|a Corzo, Gerardo A.
|e editor.
|
| 700 |
1 |
|
|a de Lima, Maria Elena.
|e editor.
|
| 700 |
1 |
|
|a Diego-García, Elia.
|e editor.
|
| 710 |
2 |
|
|a SpringerLink (Online service)
|
| 773 |
0 |
|
|t Springer eBooks
|
| 776 |
0 |
8 |
|i Printed edition:
|z 9789400763883
|
| 830 |
|
0 |
|a Toxinology
|
| 856 |
4 |
0 |
|u http://dx.doi.org/10.1007/978-94-007-6389-0
|z Full Text via HEAL-Link
|
| 912 |
|
|
|a ZDB-2-SBL
|
| 950 |
|
|
|a Biomedical and Life Sciences (Springer-11642)
|